000 00486nam a2200181Ia 4500
005 20250326144224.0
008 250326s9999 xx 000 0 und d
037 _aTextbook
040 _aFMSL
_beng
_cFMSL
041 _aeng
_2eng
084 _qFMSL
100 _aUnited Nations
245 0 _aInternational comparisons of inter industry data
_cUnited Nations
260 _aGeneva
_bGeneva, United National
_c1969
300 _a270p
942 _cTB
999 _c1302862
_d1302862